Understanding of rubber injection moulding (Record no. 74774)

MARC details
000 -LEADER
fixed length control field 00356nam a22001337a 4500
082 ## - DEWEY DECIMAL CLASSIFICATION NUMBER
Classification number 678.057.74
Item number GRA
100 ## - MAIN ENTRY--AUTHOR NAME
Personal name GRAF (Hans-Joachim)
245 ## - TITLE STATEMENT
Title Understanding of rubber injection moulding
246 ## - VARYING FORM OF TITLE
Title proper/short title Rubber industry books box
260 ## - PUBLICATION, DISTRIBUTION, ETC. (IMPRINT)
Place of publication Thailand
Name of publisher TechnoBiz Communications
Year of publication 2018
300 ## - PHYSICAL DESCRIPTION
Number of Pages 63p.
650 ## - SUBJECT ADDED ENTRY--TOPICAL TERM
Topical Term Injection moulding
942 ## - ADDED ENTRY ELEMENTS (KOHA)
Koha item type Books
Holdings
Withdrawn status Lost status Damaged status Not for loan Home library Current library Date acquired Source of acquisition Full call number Accession Number Koha item type
        RRII Library RRII Library 12/07/2022 Maruthi Subscription Services, Hyderabad 678.057.74 GRA 23550 Books